Person to person communicative speaking and listening skills. Teacherïs book 2
Saved in:
| Main Authors: | , , , |
|---|---|
| Format: | Bog |
| Sprog: | spansk |
| Udgivet: |
Nueva York
Oxford University Press
2006
|
| Udgivelse: | 3a. ed |
| Fag: | |
| Tags: |
Tilføj Tag
Ingen Tags, Vær først til at tagge denne postø!
|
MARC
| LEADER | 00000nam a2200000 a 4500 | ||
|---|---|---|---|
| 001 | UCJ0681 | ||
| 003 | CL-VaPUC | ||
| 008 | 060825e20060000US |||||||||||||||||spa|d | ||
| 020 | |a 0194302202 | ||
| 082 | 0 | 4 | |a 428.007 |b RIC |2 21 |
| 100 | 0 | |a Richards, Jack C |e author |9 500936 | |
| 700 | 0 | |a Bycina, David |e author |9 500937 | |
| 700 | 0 | |a Wisniewska, Ingrid |e author |9 500938 | |
| 700 | 0 | |a Kocienda, Genevieve |e author |9 500939 | |
| 245 | 1 | 0 | |a Person to person communicative speaking and listening skills. Teacherïs book 2 |
| 250 | |a 3a. ed | ||
| 300 | |a 136 p | ||
| 942 | |c BK | ||
| 945 | |d 20060825 00:00:00 |a jtorresc | ||
| 260 | |a Nueva York |b Oxford University Press |c 2006 | ||
| 650 | 0 | |a Enseñanza del inglés |9 367340 | |
| 650 | 0 | |a Lengua inglesa |9 318842 | |
| 650 | 0 | |a Comprensión de lectura |9 307588 | |
| 650 | 0 | |a Métodos de enseñanza |9 270413 | |
| 650 | 0 | |a Lingüística |9 265068 | |
| 583 | |a last modification |c 20140408 10:46:54 |k Rodrigo Vera | ||
| 999 | |c 317444 |d 317442 | ||
| 952 | |0 0 |1 0 |4 0 |6 428_007000000000000_RIC_2006 |7 0 |8 A |9 393829 |a BIBEDU |b BIBEDU |d 2019-11-22 |i 4247299 |o 428.007 RIC 2006 |p 4247299 |r 2019-11-22 |w 2019-11-22 |y BK |k LIT | ||